| 000 | 00664nam a22002175a 4500 | ||
|---|---|---|---|
| 001 | 16899712 | ||
| 005 | 20170105102355.0 | ||
| 008 | 110802s2012 nju 000 0 eng | ||
| 010 | _a 2011935625 | ||
| 020 | _a9780691151878 (alk. paper) | ||
| 040 |
_aDLC _cDLC |
||
| 042 | _apcc | ||
| 100 | 1 | _aLiberzon, Daniel. | |
| 245 | 1 | 0 |
_aCalculus of variations and optimal control theory :a concise introduction _ba concise introduction _cDaniel Liberzon. |
| 260 |
_aPrinceton, NJ : _bPrinceton University Press, _c2012. |
||
| 263 | _a1201 | ||
| 300 | _ap. cm. | ||
| 906 |
_a0 _bibc _corignew _d2 _eepcn _f20 _gy-gencatlg |
||
| 942 |
_2ddc _cBK |
||
| 999 |
_c12102 _d12102 |
||